Historia de España y América.

Guardat en:
Dades bibliogràfiques
Autor principal: Vicens Vives, J
Format: Llibre
Idioma:espanyol
Publicat: Barcelona, España Editorial Vicens-Vives 1961
Matèries:
Etiquetes: Afegir etiqueta
Sense etiquetes, Sigues el primer a etiquetar aquest registre!

MARC

LEADER 00000cam a2200000 a 4500
001 UCD3007
003 CL-VaPUC
005 20220120074426.0
008 160520e19610000sp |||||||||||||||||spa|d
999 |c 364116  |d 364114 
040 |c Pontificia Universidad Católica de Valparaíso 
082 0 4 |a 946 VIC 1961  |2 21 
100 0 |a Vicens Vives, J  |9 586403 
245 1 0 |a Historia de España y América. 
260 0 3 |a Barcelona, España  |b Editorial Vicens-Vives  |c 1961 
300 |a volumen. 
505 |a v.3: imperio. Aristocracia. Absolutismo. Los Austrias. Imperio español en América. 
583 |a last modification  |c 20160520 11:34:00  |k Rodrigo Vera 
650 0 |a Historia de España  |9 315435 
650 0 |a Colonización  |z ESPAÑA  |9 265172 
650 7 |a FEUDALISMO ESPAÑOL  |2 CL-VaPUC  |9 442543 
650 7 |a REYES CATOLICOS  |2 CL-VaPUC  |9 420971  |z ESPAÑA 
650 0 |a Descubrimientos geográficos  |z ESPAÑA  |9 331933 
650 0 |a Imperio español  |9 445048 
650 0 |a Absolutismo  |z ESPAÑA  |9 257456 
650 0 |a Burguesía  |z ESPAÑA  |9 318985 
942 |c BK  |2 ddc 
945 |d 20160520 11:34:00  |a arojas 
952 |0 0  |1 0  |2 ddc  |3 erd  |4 0  |6 946_000000000000000_VIC_1961  |7 0  |8 A  |9 477042  |a FDOHBE  |b FDOHBE  |e Huesbe Llanos, Marco Antonio, 1934-  |h v.3  |i 5305330  |o 946 VIC 1961  |p 5305330  |r 2024-01-30  |t 1  |w 2019-11-24  |y BK  |z Catalogado en:20160520  |k HBE